Chiến tranh và hòa bình; T2

Bewaard in:
Bibliografische gegevens
Hoofdauteur: Chiến tranh và hòa bình; T2
Formaat: Boek
Taal:Undetermined
Gepubliceerd in: Hà Nội Văn Học 1993
Onderwerpen:
Tags: Voeg label toe
Geen labels, Wees de eerste die dit record labelt!
Thư viện lưu trữ: Trung tâm Học liệu Trường Đại học Cần Thơ
LEADER 00588nam a2200169Ia 4500
001 CTU_46879
008 210402s9999 xx 000 0 und d
082 |a 891.733 
082 |b T654/T2 
100 |a Chiến tranh và hòa bình; T2 
245 0 |a Chiến tranh và hòa bình; T2 
245 0 |c Chiến tranh và hòa bình; T2, Liev Tolstoy; Dịch giả: Nguyễn Hiến Lê 
260 |a Hà Nội 
260 |b Văn Học 
260 |c 1993 
650 |a russian fiction - 19th century ( vietnamese ) 
980 |a Trung tâm Học liệu Trường Đại học Cần Thơ